000 00706cam a2200241 4500
001 2181
005 20231108133410.0
040 _aDLC
_cDLC
_dDLC
_beng
050 0 0 _aPZ7.F5992
082 0 0 _a813
100 1 _aFleischman, Sid,
_d1920-2010
245 1 0 _aJingo Django /
_cby Sid Fleischman
260 _aNew York :
_bBantam Doubleday Dell,
_c1971
300 _a153 pages :
_c19 cm
505 _aO
520 _aAn orphan boy resolves to follow a treasure map he finds inscribed on a whale's tooth.
521 _a710
_bLexile
521 _aO
_bRaz-Plus
650 1 _aBuried treasure
_xFiction.
650 1 _aHumorous stories.
906 _a7
_bcbc
_corignew
_d2
_encip
_f19
_gy-gencatlg
942 _2ddc
_cBK
_n0
999 _c2181
_d2181